[Event "Dos Hermanas Internet qual-E 10th"]
[Site "ICC INT"]
[Date "2009.03.15"]
[Round "8"]
[White "Zhong, Michael"]
[Black "Pinheiro, Iung Alicio"]
[Result "0-1"]
[WhiteElo "2113"]
[BlackElo "2257"]
[PlyCount "56"]
[EventDate "2009.03.15"]
[EventType "swiss (blitz)"]
[EventRounds "12"]
[EventCountry "ESP"]
[SourceTitle "CBM 129 Extra"]
[Source "ChessBase"]
[SourceDate "2009.05.05"]
[SourceVersion "2"]
[SourceVersionDate "2009.05.20"]
[SourceQuality "1"]

1. d4 Nf6 2. c4 c5 3. d5 b5 4. cxb5 a6 5. bxa6 g6 6. g3 Bxa6 7. Bg2 d6 8. Nf3 Nbd7 9. Nc3 Bg7 10. Rb1 Ra7 11. 0-0 Qa8 12. b3 Nb6 13. Ng5 0-0 14. Bb2 Rb8 15. Re1 Bb7 16. e4 Nfd7 17. a4 Ba6 18. Bf1 Bxf1 19. Kxf1 Rab7 20. Nb5 Bxb2 21. Rxb2 Nc8 22. Qg4 Na7 23. Nxa7 Qxa7 24. Re3 Nf6 25. Qh3 c4 26. Rc3 Rxb3 27. Rbxb3 cxb3 28. Nxf7 b2 0-1

[Event "US Open-108"]
[Site "Cherry Hill"]
[Date "2007.08.01"]
[Round "5"]
[White "Zhong, Michael"]
[Black "Liu, Elliott"]
[Result "1/2-1/2"]
[WhiteElo "2101"]
[BlackElo "2260"]
[PlyCount "45"]
[EventDate "2007.07.28"]
[EventType "swiss"]
[EventRounds "9"]
[EventCountry "USA"]
[SourceTitle "CBM 119 Extra"]
[Source "ChessBase"]
[SourceDate "2007.09.04"]
[SourceVersion "1"]
[SourceVersionDate "2007.09.04"]
[SourceQuality "1"]

1. e4 g6 2. d4 Bg7 3. c4 d6 4. Nc3 e5 5. Be3 Nc6 6. d5 Nce7 7. c5 Nh6 8. f3 f5 9. cxd6 cxd6 10. Qc1 f4 11. Bf2 a6 12. a4 g5 13. a5 0-0 14. Bb6 Qe8 15. b3 Bd7 16. Qa3 Nf7 17. Bc4 Ng6 18. Bf2 Rc8 19. h3 h5 20. Qb4 Rc7 21. Bb6 Rc8 22. Bf2 Rc7 23. Bb6 1/2-1/2

[Event "San Francisco Pafnutieff Memorial g/45"]
[Site "San Francisco"]
[Date "2005.08.06"]
[Round "2"]
[White "Zhong, Michael"]
[Black "Vayntrub, Dmitry"]
[Result "1-0"]
[WhiteElo "1794"]
[BlackElo "2075"]
[PlyCount "49"]
[EventDate "2005.08.06"]
[EventType "swiss (rapid)"]
[EventRounds "5"]
[EventCountry "USA"]
[SourceTitle "EXT 2007"]
[Source "ChessBase"]
[SourceDate "2006.11.23"]
[SourceVersion "1"]
[SourceVersionDate "2006.11.23"]
[SourceQuality "1"]

1. c4 g6 2. Nf3 Bg7 3. g3 f5 4. d4 Nf6 5. Bg2 d6 6. Nc3 c6 7. 0-0 0-0 8. Re1 Nbd7 9. e4 Nb6 10. e5 Ne8 11. Qb3 d5 12. cxd5 cxd5 13. a4 a5 14. Bg5 Rf7 15. e6 Rf6 16. Bxf6 Nxf6 17. Ng5 Ra6 18. Kh1 Qf8 19. Bf1 Nc4 20. Bxc4 dxc4 21. Qxc4 Rb6 22. d5 Rxb2 23. d6 Rb4 24. Qc7 Bxe6 25. Rxe6 1-0